| 000 | 00388nam a2200133Ia 4500 | ||
|---|---|---|---|
| 008 | 190723s9999 xx 000 0 und d | ||
| 020 | _a9780895770652 | ||
| 100 | _aReader's Digest | ||
| 245 |
_cReader's Digest _aBirds: _btheir life their ways their world/ |
||
| 260 |
_aNew York: _bAbrams _c1979 |
||
| 300 |
_a411 p. : _bcol. ill. ; _c280 cm. |
||
| 500 | _aIncludes index | ||
| 650 | _aBirds | ||
| 999 |
_c362005 _d362005 |
||